| 000 | 00791pam a2200253 a 4500 | ||
|---|---|---|---|
| 001 | 629 | ||
| 003 | BD-RjUL | ||
| 005 | 20211208233217.0 | ||
| 008 | 131119r1992 njua b 001 0 eng | ||
| 020 | _a0135881870 | ||
| 035 | _a(BD-RjUL) 647 | ||
| 040 |
_aDLC _cDLC _dDLC _beng |
||
| 041 | _aeng | ||
| 082 | 0 | 0 |
_a005.43 _220 _bTAM 1997 |
| 100 | 1 |
_aTanenbaum, Andrew S., _d1944- _91914 |
|
| 245 | 1 | 0 |
_aModern operating systems / _cAndrew S. Tanenbaum. |
| 260 |
_aNew Delhi; Englewood Cliffs, N.J. : _bPrentice Hall, _cc1992 [reprinted 1997]. |
||
| 300 |
_axx, 728 p. : _bill. ; _c25 cm. |
||
| 504 | _aIncludes bibliographical references (p. 682-703) and index. | ||
| 650 | 0 |
_aOperating systems (Computers) _9866 |
|
| 942 |
_2ddc _cBK |
||
| 999 |
_c629 _d629 |
||